| 000 | 00619nam a2200193 a 4500 | ||
|---|---|---|---|
| 001 | 000011301 | ||
| 005 | 20240412074225.0 | ||
| 008 | 091016t2003 dr 000 p spa d | ||
| 040 |
_aDO-SdBNP _bspa _cBNPHU |
||
| 082 |
_aRD861.44 _bS689v |
||
| 100 | 1 |
_aSolorin, Ramón M., _d1953- _99542 |
|
| 245 | 1 | 0 |
_aVersos, ilusión y pasión / _cRamón M. Solorin. |
| 260 |
_aSanto Domingo : _bServicios Gráficos Integrados, _c2003. |
||
| 300 |
_a138 p. ; _c22 cm. |
||
| 590 | _aInventariado, 2019 / DG | ||
| 650 | 0 |
_aPoesía dominicana _966 |
|
| 650 | 0 |
_aLiteratura dominicana. _967 |
|
| 910 | _aValidado. Control de calidad EMS. | ||
| 999 |
_c11008 _d11008 |
||